00353nam a2200133Ia 4500008004100000020001800041041001200059100002000071245006600091250000800157260002300165300000800188650002300196221030s9999 xx 000 0 und d a9789389656183 aEnglish aK. N. C. Pillai 0aR. V. Kelkar`s Criminal Procedure 7th Ed.cby K. N. C. Pillai a7th bEBCaLucknowc2021 a944 aCriminal Procedure